01168nam a2200265 a 450000100100000000500170001000800410002702000180006804000250008608200200011110000450013124500520017626000360022830000210026450000760028550000280036159000260038965000270041565000310044291000370047395201330051095201180064395201240076199900170088500004358020240530073922.0140327s2014 dr 000 f spa d a9789945166101 aDO-SdBNPbspacBNPHU aRD863.44bC352r1 aCastillo Drullard, Pedro Héctor91175713aLa riqueza /cPedro Héctor Castillo Drullard. aSanto Domingo :bBúho,c2014. a172 p. ;c21 cm. aIncluye datos biográficos del autor en la solapa de la contracubierta aBibliografía: p. 169. aInventariado, 2020/YL 0aNovela dominicana9223 0aLiteratura dominicana.967 aValidado. Control de calidad EMS 001054708DSaGRbGRcHDd2014-03-27iLF1l0oRD863.44 C352rp43580-30r2020-06-25te. 3w2020-06-25yLFDSZPréstamo en sala 0010718PDaPDbPDcHDd2014-03-27iLF1l0oRD863.44 C352rp43580-10r2020-06-25w2020-06-25yLFPDZNo se presta 0010718PDaPDbPDcHDd2014-03-27iLF1l0oRD863.44 C352rp43580-20r2020-06-25te. 2w2020-06-25yLFPDZNo se presta c43069d43069